[Event "20th EUR-ch"]
[Site "Skopje MKD"]
[Date "2019.03.29"]
[Round "11"]
[White "Petkov, Momchil"]
[Black "Macovei, Andrei"]
[Result "1/2-1/2"]
[WhiteElo "2296"]
[BlackElo "2450"]
[EventDate "2019.03.18"]
[Board "101"]
[PlyCount "55"]

1.d4 Nf6 2.Bg5 e6 3.e4 h6 4.Bxf6 Qxf6 5.Nc3 d6 6.Bc4 c6 7.Nge2 Qd8 8.O-O 
Be7 9.f4 d5 10.Bd3 O-O 11.Kh1 Nd7 12.Ng3 c5 13.exd5 cxd4 14.Nb5 exd5 15.
Nf5 Bc5 16.Qg4 Qf6 17.Nc7 Nb6 18.Nxa8 Bxf5 19.Qxf5 Qxf5 20.Bxf5 Rxa8 21.b3
Bb4 22.Rad1 Bc3 23.Rf2 Re8 24.Bg4 Kf8 25.Kg1 a5 26.a4 Na8 27.Re2 Rd8 28.
Bf5 1/2-1/2

[Event "20th EUR-ch"]
[Site "Skopje MKD"]
[Date "2019.03.29"]
[Round "11"]
[White "Colovic, Aleksandar"]
[Black "Ibanez Aullana, Ramon"]
[Result "1-0"]
[WhiteElo "2449"]
[BlackElo "2283"]
[EventDate "2019.03.18"]
[Board "102"]
[PlyCount "73"]

1.e4 g6 2.d4 Bg7 3.Nc3 a6 4.Be3 d6 5.Nf3 b5 6.Bd3 Bb7 7.a4 c6 8.Qd2 Nd7 9.
h3 e5 10.O-O exd4 11.Nxd4 b4 12.Nd1 c5 13.Nf3 Ngf6 14.Bh6 O-O 15.Bxg7 Kxg7
16.Qf4 Qe7 17.Re1 Rfe8 18.Ne3 Ne5 19.Nxe5 Qxe5 20.Qxe5 Rxe5 21.f3 d5 22.
Nxd5 Nxd5 23.exd5 Rxe1+ 24.Rxe1 Bxd5 25.Re7 Rd8 26.Bxa6 c4 27.Kf2 b3 28.
cxb3 cxb3 29.Bb5 Kf6 30.Re8 Rd6 31.Ke3 Be6 32.a5 Bd7 33.Rb8 Re6+ 34.Kd4 
Bxb5 35.Rxb5 Re2 36.Rxb3 Rxg2 37.a6 1-0

[Event "20th EUR-ch"]
[Site "Skopje MKD"]
[Date "2019.03.29"]
[Round "11"]
[White "Csiki, Endre"]
[Black "Draskovic, Luka"]
[Result "1/2-1/2"]
[WhiteElo "2251"]
[BlackElo "2449"]
[EventDate "2019.03.18"]
[Board "103"]
[PlyCount "25"]

1.e4 d6 2.d4 Nf6 3.Nc3 e5 4.Nf3 Nbd7 5.Bc4 Be7 6.O-O O-O 7.a4 c6 8.h3 Re8 
9.Re1 Qc7 10.a5 Nf8 11.Be3 Be6 12.Bxe6 Nxe6 13.Qd2 1/2-1/2

[Event "20th EUR-ch"]
[Site "Skopje MKD"]
[Date "2019.03.29"]
[Round "11"]
[White "Haldorsen, Benjamin"]
[Black "Eric, Jovana"]
[Result "1-0"]
[WhiteElo "2448"]
[BlackElo "2205"]
[EventDate "2019.03.18"]
[Board "104"]
[PlyCount "103"]

1.c4 f5 2.g3 Nf6 3.Bg2 e6 4.Nf3 Be7 5.O-O O-O 6.Nc3 d6 7.d4 Nc6 8.Qb3 Kh8 
9.d5 Na5 10.Qa4 c5 11.dxc6 Nxc6 12.Rd1 Bd7 13.Qc2 Rc8 14.b3 d5 15.cxd5 Nb4
16.Qb2 Nfxd5 17.Nxd5 exd5 18.Be3 Rc2 19.Qb1 Bf6 20.Nd4 Rc8 21.a3 f4 22.
gxf4 Nc6 23.Qd3 Bxd4 24.Bxd4 Rxf4 25.Be3 Rf5 26.Bxd5 Qh4 27.Bg2 Ne5 28.Qd4
Qf6 29.f4 Bc6 30.Bxc6 Nxc6 31.Qxf6 gxf6 32.Rd7 Re8 33.Rd3 Rh5 34.Kg2 Rg8+ 
35.Kh1 Re8 36.Rg1 Rh4 37.Rg3 Ne7 38.Bxa7 Rxf4 39.Rde3 Rf1+ 40.Kg2 Rf5 41.
Bd4 h5 42.Kh3 Rd8 43.Bxf6+ Rxf6 44.Rxe7 Rd2 45.Rg5 Rb6 46.Rxh5+ Kg8 47.b4 
Ra6 48.Rg5+ Kf8 49.Re3 Rh6+ 50.Kg3 Rh7 51.Rf5+ Kg7 52.Rb5 1-0

[Event "20th EUR-ch"]
[Site "Skopje MKD"]
[Date "2019.03.29"]
[Round "11"]
[White "Kozak, Adam"]
[Black "Aydincelebi, Kagan"]
[Result "1-0"]
[WhiteElo "2445"]
[BlackElo "2115"]
[EventDate "2019.03.18"]
[Board "105"]
[PlyCount "75"]

1.Nf3 c5 2.c4 Nc6 3.g3 g6 4.Bg2 Bg7 5.Nc3 e5 6.O-O Nge7 7.a3 d6 8.d3 O-O 
9.Rb1 a5 10.Bd2 h6 11.Ne1 Be6 12.Nd5 Rb8 13.b4 axb4 14.axb4 cxb4 15.Nc2 b5
16.Ncxb4 bxc4 17.dxc4 Kh8 18.Nxc6 Nxc6 19.Qa4 Bd7 20.Rxb8 Qxb8 21.Nb4 Nxb4
22.Qxd7 Na6 23.Bd5 Nc5 24.Qb5 Qa7 25.Be3 f5 26.Qc6 f4 27.Bxc5 Qxc5 28.Qxc5
dxc5 29.Rb1 g5 30.g4 e4 31.Bxe4 Re8 32.Bg6 Rxe2 33.Rb8+ Bf8 34.Rxf8+ Kg7 
35.Re8 f3 36.Bh5 Rc2 37.h3 Rxc4 38.Re7+ 1-0

[Event "20th EUR-ch"]
[Site "Skopje MKD"]
[Date "2019.03.29"]
[Round "11"]
[White "Isik, Alparslan"]
[Black "Muradli, Mahammad"]
[Result "1/2-1/2"]
[WhiteElo "2180"]
[BlackElo "2444"]
[EventDate "2019.03.18"]
[Board "106"]
[PlyCount "87"]

1.d4 g6 2.c4 Bg7 3.e4 d6 4.Nc3 e5 5.Nf3 Bg4 6.d5 a5 7.h3 Bxf3 8.Qxf3 h5 9.
Bd3 Bh6 10.O-O Na6 11.Bxh6 Nxh6 12.Qe3 Qf6 13.Bc2 Qf4 14.Qxf4 exf4 15.e5 
dxe5 16.Rfe1 f6 17.Bxg6+ Ke7 18.Nb5 Nf7 19.Bxf7 Kxf7 20.Red1 Rad8 21.Rac1 
b6 22.c5 Nxc5 23.Nxc7 Rc8 24.Nb5 Rhd8 25.f3 Rd7 26.b3 Rcd8 27.d6 f5 28.Rd5
Ke6 29.Nc7+ Kf6 30.Nb5 Rg7 31.Re1 Rdg8 32.Re2 Nd7 33.Kf1 h4 34.Nc7 Rg6 35.
a3 Kf7 36.Rc2 Rc8 37.b4 axb4 38.axb4 Rg3 39.Ra2 Kf6 40.Re2 Rb8 41.Rb5 Rg6 
42.Ra2 Kf7 43.Rd5 Rbg8 44.Re2 1/2-1/2

[Event "20th EUR-ch"]
[Site "Skopje MKD"]
[Date "2019.03.29"]
[Round "11"]
[White "Mazur, Stefan"]
[Black "Tomerlin, Sinisa"]
[Result "1-0"]
[WhiteElo "2441"]
[BlackElo "2192"]
[EventDate "2019.03.18"]
[Board "107"]
[PlyCount "71"]

1.e4 c5 2.Nf3 d6 3.d4 cxd4 4.Nxd4 Nf6 5.Nc3 a6 6.f4 e5 7.Nf3 Qc7 8.Bd3 
Nbd7 9.a4 b6 10.O-O Be7 11.Kh1 Bb7 12.fxe5 Nxe5 13.Nxe5 dxe5 14.Bg5 h6 15.
Bxf6 Bxf6 16.Nd5 Bxd5 17.exd5 Qd6 18.Qf3 O-O 19.Qf5 Rfd8 20.Ra3 Ra7 21.Be4
Kf8 22.Rc3 Rc7 23.Rc6 Rxc6 24.dxc6 Ke7 25.h3 Qc7 26.c4 Rd4 27.b3 a5 28.Qh7
Qd6 29.Bd5 Rf4 30.Re1 Bh4 31.Rg1 Bf2 32.Rd1 g6 33.Qg8 Bc5 34.Qc8 Qf6 35.
Bf3 Bd4 36.c7 1-0

[Event "20th EUR-ch"]
[Site "Skopje MKD"]
[Date "2019.03.29"]
[Round "11"]
[White "Protopopova, Anastasiya"]
[Black "Perunovic, Miodrag"]
[Result "1/2-1/2"]
[WhiteElo "2263"]
[BlackElo "2436"]
[EventDate "2019.03.18"]
[Board "108"]
[PlyCount "61"]

1.d4 Nf6 2.c4 e6 3.g3 d5 4.Bg2 Be7 5.Nf3 O-O 6.O-O dxc4 7.Qc2 b6 8.Bg5 Nd5
9.Bxe7 Qxe7 10.Ne5 Bb7 11.Qxc4 c5 12.Nc3 Nxc3 13.Qxc3 Rc8 14.Bxb7 Qxb7 15.
dxc5 Rxc5 16.Qf3 Qxf3 17.Nxf3 Na6 18.Rac1 Kf8 19.Rfd1 Ke8 20.Rxc5 Nxc5 21.
Ne5 f6 22.Nc4 Ke7 23.f3 Rc8 24.b3 Nb7 25.Kf1 b5 26.Ne3 Nd6 27.Ke1 Rc6 28.
Kd2 Kd7 29.a3 Rc5 30.Rc1 Rh5 31.h4 1/2-1/2

[Event "20th EUR-ch"]
[Site "Skopje MKD"]
[Date "2019.03.29"]
[Round "11"]
[White "Pavlov, Sergey"]
[Black "Maloberti, David"]
[Result "1-0"]
[WhiteElo "2471"]
[BlackElo "2113"]
[EventDate "2019.03.18"]
[Board "109"]
[PlyCount "77"]

1.Nf3 Nf6 2.c4 g6 3.d4 Bg7 4.g3 d6 5.Bg2 O-O 6.O-O Nbd7 7.Nc3 e5 8.e4 c6 
9.h3 exd4 10.Nxd4 a5 11.b3 Nc5 12.Be3 Re8 13.Qc2 Qe7 14.Rfe1 Nfd7 15.Rad1 
Nf8 16.Qd2 Be6 17.Bg5 Bf6 18.h4 Red8 19.Nf5 Bxf5 20.exf5 Bxg5 21.hxg5 Qd7 
22.Bh3 gxf5 23.Qc2 Re8 24.Bxf5 Qc7 25.Kg2 Rxe1 26.Rxe1 Ng6 27.Qd2 Rd8 28.
Qd4 Rf8 29.Nd1 Qd8 30.f4 f6 31.Rh1 Qe7 32.Nf2 Ne6 33.Qe4 Nexf4+ 34.gxf4 
Qxe4+ 35.Nxe4 Nxf4+ 36.Kg3 fxg5 37.Bxh7+ Kg7 38.Nxd6 Ne2+ 39.Kg4 1-0

[Event "20th EUR-ch"]
[Site "Skopje MKD"]
[Date "2019.03.29"]
[Round "11"]
[White "Serarols Mabras, Bernat"]
[Black "Todorovic, Goran M"]
[Result "1-0"]
[WhiteElo "2363"]
[BlackElo "2429"]
[EventDate "2019.03.18"]
[Board "110"]
[PlyCount "59"]

1.d4 f5 2.c4 Nf6 3.Nc3 g6 4.g3 Bg7 5.Bg2 O-O 6.Nf3 c6 7.O-O Ne4 8.Qb3 Kh8 
9.Rd1 d6 10.Qc2 Nxc3 11.Qxc3 Nd7 12.Qc2 Nf6 13.b3 Bd7 14.Bb2 Qe8 15.Rac1 
h6 16.d5 Qf7 17.Qd2 c5 18.Ne1 g5 19.Nd3 Qh5 20.Re1 Rf7 21.f3 f4 22.gxf4 g4
23.Ne5 dxe5 24.fxe5 Bf5 25.exf6 Bxf6 26.f4 Rg8 27.e4 g3 28.exf5 Qxh2+ 29.
Kf1 h5 30.Rxe7 1-0

[Event "20th EUR-ch"]
[Site "Skopje MKD"]
[Date "2019.03.29"]
[Round "11"]
[White "Banzea, Alexandru-Bogdan"]
[Black "Baenziger, Fabian"]
[Result "1/2-1/2"]
[WhiteElo "2427"]
[BlackElo "2351"]
[EventDate "2019.03.18"]
[Board "111"]
[PlyCount "64"]

1.e4 c5 2.Nf3 d6 3.d4 cxd4 4.Nxd4 Nf6 5.Nc3 a6 6.Be2 e5 7.Nb3 Be7 8.Be3 
Be6 9.h4 O-O 10.Bf3 a5 11.a4 Na6 12.O-O Nb4 13.g3 Rc8 14.Re1 h6 15.Rc1 Rc4
16.Qe2 Qa8 17.Rcd1 Rfc8 18.Rd2 Rxc3 19.bxc3 Na2 20.Qb5 Nxc3 21.Qxa5 Ncxe4 
22.Rdd1 d5 23.Qxa8 Rxa8 24.a5 Bb4 25.Rf1 d4 26.Bxd4 Bxb3 27.cxb3 exd4 28.
Rxd4 Bc5 29.Rxe4 Nxe4 30.Bxe4 Rxa5 31.Bxb7 Rb5 32.Bd5 Bxf2+ 1/2-1/2

[Event "20th EUR-ch"]
[Site "Skopje MKD"]
[Date "2019.03.29"]
[Round "11"]
[White "Radovanovic, Dusan"]
[Black "Piesik, Piotr"]
[Result "1/2-1/2"]
[WhiteElo "2331"]
[BlackElo "2420"]
[EventDate "2019.03.18"]
[Board "113"]
[PlyCount "36"]

1.e4 d6 2.d4 Nf6 3.Nc3 e5 4.Nf3 Nbd7 5.a4 Be7 6.Bc4 O-O 7.O-O c6 8.Ba2 Qc7
9.Re1 b6 10.Bg5 h6 11.Be3 Re8 12.h3 Nf8 13.Qd2 Be6 14.d5 cxd5 15.exd5 Bf5 
16.Nb5 Qd7 17.Bc4 Rec8 18.Na3 Qb7 1/2-1/2

[Event "20th EUR-ch"]
[Site "Skopje MKD"]
[Date "2019.03.29"]
[Round "11"]
[White "Osmanodja, Filiz"]
[Black "Megalios, Konstantinos"]
[Result "0-1"]
[WhiteElo "2326"]
[BlackElo "2416"]
[EventDate "2019.03.18"]
[Board "114"]
[PlyCount "90"]

1.e4 e5 2.Nf3 Nc6 3.Bb5 a6 4.Ba4 g6 5.c3 Bg7 6.d4 exd4 7.cxd4 b5 8.Bc2 d6 
9.d5 Na5 10.a4 b4 11.Ra2 Nf6 12.b3 O-O 13.O-O Re8 14.Re1 c6 15.dxc6 Nxc6 
16.Bf4 d5 17.e5 Ne4 18.Bxe4 dxe4 19.Rd2 Qb6 20.Rxe4 Bf5 21.Re1 h6 22.Rd6 
Bf8 23.Rf6 Be7 24.Rxf5 gxf5 25.e6 Rad8 26.Qc2 Qc5 27.Qb2 Bf8 28.Be3 Qd5 
29.exf7+ Qxf7 30.Qc1 Ne5 31.Nxe5 Rxe5 32.Nd2 f4 33.Bb6 Rxe1+ 34.Qxe1 Re8 
35.Qf1 Qd5 36.Nc4 Bg7 37.Qb1 Qf5 38.Qf1 Re6 39.Qd1 Qc2 40.Qd8+ Kh7 41.h4 
Qxb3 42.Qa8 Qb1+ 43.Kh2 Re1 44.Kh3 Qd3+ 45.Kh2 Rc1 0-1

[Event "20th EUR-ch"]
[Site "Skopje MKD"]
[Date "2019.03.29"]
[Round "11"]
[White "Tsvetkov, Andrey"]
[Black "Erdogdu, Mert"]
[Result "1/2-1/2"]
[WhiteElo "2322"]
[BlackElo "2413"]
[EventDate "2019.03.18"]
[Board "115"]
[PlyCount "84"]

1.d4 d5 2.c4 c6 3.Nf3 Nf6 4.g3 Bg4 5.Ne5 Bf5 6.cxd5 cxd5 7.Bg2 Nc6 8.Nc3 
e6 9.O-O Rc8 10.Qa4 Qb6 11.Nxc6 bxc6 12.Qd1 Be7 13.Na4 Qb5 14.Bg5 O-O 15.
Rc1 h6 16.Bxf6 Bxf6 17.a3 c5 18.Nxc5 Qxb2 19.e3 Qb5 20.Qd2 Rfd8 21.a4 Qe8 
22.Qa5 Qe7 23.f4 Rb8 24.Qc3 Rb6 25.Rf2 Rdb8 26.Bf1 Rb1 27.Bd3 Bxd3 28.Nxd3
R1b3 29.Rb2 Qa3 30.Rxb3 Rxb3 31.Qc8+ Kh7 32.Qc2 g6 33.Rd1 Rc3 34.Qd2 Qb3 
35.a5 Rc2 36.Qe1 Qa2 37.Nb4 Rg2+ 38.Kf1 Qb2 39.Rb1 Rf2+ 40.Kg1 Rg2+ 41.Kf1
Rf2+ 42.Kg1 Rg2+ 1/2-1/2

[Event "20th EUR-ch"]
[Site "Skopje MKD"]
[Date "2019.03.29"]
[Round "11"]
[White "Osmak, Iulija"]
[Black "Injac, Teodora"]
[Result "1-0"]
[WhiteElo "2399"]
[BlackElo "2329"]
[EventDate "2019.03.18"]
[Board "116"]
[PlyCount "117"]

1.d4 Nf6 2.Bg5 e6 3.Nd2 c5 4.e3 cxd4 5.exd4 Be7 6.Ngf3 b6 7.Bd3 Bb7 8.c3 
d6 9.Bxf6 Bxf6 10.Qe2 Nd7 11.h4 h6 12.O-O-O Be7 13.Kb1 Qc7 14.g4 O-O-O 15.
Ba6 Kb8 16.Bxb7 Qxb7 17.Rhg1 g6 18.Qe3 Ka8 19.Rc1 d5 20.Qf4 Rdf8 21.c4 
dxc4 22.Rxc4 Nf6 23.Ne5 Nd5 24.Qg3 g5 25.h5 Nf4 26.Qe3 Bd6 27.Rgc1 Rd8 28.
Nc6 Rd7 29.Ne4 Nd5 30.Qb3 Bf4 31.R1c2 Rc7 32.Ne5 Rd8 33.a3 f6 34.Rxc7 Nxc7
35.Nxf6 Rxd4 36.Nc6 Rd1+ 37.Ka2 Qa6 38.Qf3 Qd3 39.Qxd3 Rxd3 40.Ng8 Rd7 41.
Nxh6 a5 42.Ng8 Nd5 43.Re2 Rg7 44.Nh6 Nc7 45.Nd4 Rh7 46.Ng8 e5 47.Nf5 Nd5 
48.Re1 Rh8 49.Rd1 Nc7 50.Nge7 e4 51.Rd7 Rh7 52.Rd4 Ne6 53.Rxe4 Nc5 54.Re2 
a4 55.Nd5 Nd3 56.Nxf4 Nc1+ 57.Kb1 Nxe2 58.Nxe2 Kb7 59.Ned4 1-0

[Event "20th EUR-ch"]
[Site "Skopje MKD"]
[Date "2019.03.29"]
[Round "11"]
[White "Kamer, Kayra"]
[Black "Zlatin, Alexander"]
[Result "0-1"]
[WhiteElo "2397"]
[BlackElo "2243"]
[EventDate "2019.03.18"]
[Board "117"]
[PlyCount "116"]

1.g3 e5 2.Bg2 Nf6 3.c4 c6 4.d4 d6 5.Nc3 Nbd7 6.e4 g6 7.Nf3 Bg7 8.O-O O-O 
9.d5 Nc5 10.Qc2 cxd5 11.cxd5 a5 12.Be3 b6 13.a3 Ba6 14.Rfd1 Rc8 15.Ne1 Bc4
16.Bxc5 Rxc5 17.b4 axb4 18.axb4 Rc7 19.Qb2 Ng4 20.h3 Nh6 21.b5 f5 22.Na4 
fxe4 23.Nxb6 e3 24.Ra8 exf2+ 25.Qxf2 Qxa8 26.Nxa8 Rxf2 27.Nxc7 Rb2 28.Ra1 
Nf5 29.Ne6 Bh6 30.g4 Be3+ 31.Kh2 Nh4 32.Ra8+ Kf7 33.Rf8+ Ke7 34.Kg3 g5 35.
Be4 Bf4+ 36.Nxf4 exf4+ 37.Rxf4 gxf4+ 38.Kxh4 Bxb5 39.Bxh7 Re2 40.Nf3 Re3 
41.Nd4 Bd3 42.Bxd3 Rxd3 43.Nf5+ Kd7 44.Ng7 Rxd5 45.Nh5 Rd4 46.g5 Ke6 47.g6
Rd1 48.Nxf4+ Kf5 49.g7 Rg1 50.Nh5 Rg6 51.Ng3+ Ke5 52.Nf1 Kf4 53.Kh5 Rxg7 
54.Nd2 Rh7+ 55.Kg6 Rxh3 56.Kf6 Rh6+ 57.Kg7 Re6 58.Kf7 Re2 0-1

[Event "20th EUR-ch"]
[Site "Skopje MKD"]
[Date "2019.03.29"]
[Round "11"]
[White "Saraci, Nderim"]
[Black "Ingebretsen, Jens E"]
[Result "1-0"]
[WhiteElo "2391"]
[BlackElo "2243"]
[EventDate "2019.03.18"]
[Board "118"]
[PlyCount "119"]

1.d4 Nf6 2.Nf3 e6 3.g3 c5 4.Bg2 cxd4 5.O-O Nc6 6.Nxd4 d5 7.c4 Bc5 8.Nb3 
Be7 9.cxd5 Nxd5 10.a3 O-O 11.e4 Nb6 12.Qe2 Na4 13.Qc4 Nb6 14.Qe2 Na4 15.
Qc4 a6 16.e5 Bd7 17.Qxa4 Nb4 18.Qa5 b6 19.Qxb4 Bxb4 20.axb4 Bb5 21.Re1 Rc8
22.Nc3 Bc4 23.Nd2 Bd3 24.Nde4 Rc4 25.Rd1 Rxb4 26.Be3 Rxb2 27.Bf1 Qb8 28.
Bxd3 Qxe5 29.Bxa6 b5 30.Bf4 Qh5 31.Bd6 Re8 32.Ba3 Rb3 33.Bxb5 Rc8 34.Be2 
Qg6 35.Bc4 Rbb8 36.Nd6 Rc6 37.Ncb5 h5 38.Bd3 Qg5 39.h4 Qe5 40.Re1 Qf6 41.
Bb4 g6 42.Be4 Rxd6 43.Bc3 Qd8 44.Nxd6 Qxd6 45.Bxg6 fxg6 46.Be5 Qb6 47.Bxb8
Qxb8 48.Rxe6 Kf7 49.Raa6 Qb1+ 50.Kg2 Qb7+ 51.Rac6 g5 52.hxg5 Qb3 53.g6+ 
Kg7 54.Rc7+ Kh6 55.Rd6 Qa3 56.Rh7+ Kg5 57.g7 Qa8+ 58.Kh2 Qg8 59.Rd8 Qxd8 
60.Rh8 1-0

[Event "20th EUR-ch"]
[Site "Skopje MKD"]
[Date "2019.03.29"]
[Round "11"]
[White "Dedebas, Emre Emin"]
[Black "Badelka, Olga"]
[Result "1-0"]
[WhiteElo "2319"]
[BlackElo "2384"]
[EventDate "2019.03.18"]
[Board "119"]
[PlyCount "75"]

1.d4 d5 2.c4 dxc4 3.Nf3 Nf6 4.e3 a6 5.Bxc4 e6 6.O-O Nbd7 7.b3 c5 8.Bb2 b5 
9.Be2 Bb7 10.a4 b4 11.Nbd2 Be7 12.Rc1 O-O 13.dxc5 Bxc5 14.Ne5 Rc8 15.Nxd7 
Nxd7 16.Bf3 Qc7 17.Bxb7 Qxb7 18.Qg4 e5 19.Nc4 Rfe8 20.Rfd1 Re6 21.Qf3 e4 
22.Qg4 g6 23.h3 h5 24.Qf4 Bf8 25.Bd4 Qb8 26.Qxb8 Nxb8 27.Na5 Ree8 28.Rxc8 
Rxc8 29.Be5 Rc5 30.Bxb8 Rxa5 31.Rd8 Kg7 32.Ba7 Be7 33.Bd4+ Bf6 34.Rd6 Bxd4
35.Rxd4 Rc5 36.Rxb4 Rc3 37.g3 h4 38.gxh4 1-0

[Event "20th EUR-ch"]
[Site "Skopje MKD"]
[Date "2019.03.29"]
[Round "11"]
[White "Milosevic, Milos"]
[Black "Plenkovic, Zdenko"]
[Result "1-0"]
[WhiteElo "2299"]
[BlackElo "2383"]
[EventDate "2019.03.18"]
[Board "120"]
[PlyCount "119"]

1.e4 c5 2.Nc3 a6 3.Nge2 e6 4.g3 b5 5.d4 cxd4 6.Nxd4 b4 7.Na4 Nf6 8.Bg2 Bb7
9.O-O e5 10.Nf5 d5 11.f4 Nbd7 12.fxe5 Nxe5 13.exd5 Qa5 14.Qe2 Nd7 15.b3 
Qb5 16.Re1 g6 17.Bb2 f6 18.Nd4 Qxe2 19.Rxe2 Bd6 20.a3 a5 21.Nb5 Bb8 22.
axb4 axb4 23.Re4 Bxd5 24.Rxe5+ Bxe5 25.Bxd5 Ra5 26.Bxe5 Nxe5 27.c4 bxc3 
28.Nbxc3 Ke7 29.b4 Ra7 30.b5 Rb8 31.Rb1 Kd6 32.Bg2 Nc4 33.Rd1+ Ke7 34.Re1+
Kd6 35.Rd1+ Ke7 36.Rd4 Nd6 37.Bc6 Ra5 38.Nc5 Ra1+ 39.Kg2 Rc1 40.Rd3 Rc8 
41.Nd5+ Kf7 42.Nd7 Rc2+ 43.Kf3 Nc4 44.N5xf6 Ke7 45.Nd5+ Ke6 46.Ne3 Nxe3 
47.Rxe3+ Kd6 48.Re2 Rc3+ 49.Kg4 h6 50.Rf2 Rc4+ 51.Rf4 Rxf4+ 52.gxf4 Re8 
53.Ne5 Re6 54.Nf7+ Ke7 55.Nxh6 Kf6 56.Kf3 Rd6 57.Ng4+ Ke6 58.Be4 Rb6 59.
Bc6 Kd6 60.Ne5 1-0

[Event "20th EUR-ch"]
[Site "Skopje MKD"]
[Date "2019.03.29"]
[Round "11"]
[White "Stoyanov, Tsvetan"]
[Black "Milikow, Yoav"]
[Result "1-0"]
[WhiteElo "2370"]
[BlackElo "2200"]
[EventDate "2019.03.18"]
[Board "121"]
[PlyCount "103"]

1.e4 e6 2.d3 d5 3.Nd2 c5 4.Ngf3 Nc6 5.g3 Bd6 6.Bg2 Nge7 7.Qe2 Qc7 8.O-O 
O-O 9.Re1 f6 10.h4 Bd7 11.c3 d4 12.Nc4 e5 13.Nxd6 Qxd6 14.c4 a6 15.Nh2 b5 
16.b3 bxc4 17.bxc4 Rab8 18.f4 exf4 19.gxf4 Ng6 20.Qf2 Nb4 21.Bf1 Ba4 22.h5
Nc2 23.hxg6 Nxa1 24.f5 Nc2 25.Bf4 Qe7 26.Re2 Ne3 27.gxh7+ Kh8 28.Bxb8 Rxb8
29.Nf3 Qd6 30.Nh4 Be8 31.Ng2 Bh5 32.Re1 Nxg2 33.Bxg2 Qe5 34.Qh4 Bf7 35.Bf3
g5 36.fxg6 Bxg6 37.Re2 Rb7 38.Rg2 Bxh7 39.Qh6 Rb1+ 40.Kf2 Rb2+ 41.Be2 Qe7 
42.Rg6 Rb8 43.Bg4 Rb2+ 44.Kf3 Rb1 45.Bf5 Rf1+ 46.Kg2 Rxf5 47.exf5 Qe2+ 48.
Kh1 Qf1+ 49.Rg1 Qf3+ 50.Rg2 Qh3+ 51.Qxh3 a5 52.Qh6 1-0

[Event "20th EUR-ch"]
[Site "Skopje MKD"]
[Date "2019.03.29"]
[Round "11"]
[White "Kalogeris, Ioannis"]
[Black "Karaoglan, Kivanc"]
[Result "1-0"]
[WhiteElo "2368"]
[BlackElo "1943"]
[EventDate "2019.03.18"]
[Board "122"]
[PlyCount "77"]

1.e4 e6 2.d4 d5 3.Nc3 Bb4 4.Ne2 dxe4 5.a3 Be7 6.Nxe4 Nf6 7.Qd3 Nbd7 8.Be3 
O-O 9.O-O-O c5 10.dxc5 Nxe4 11.Qxe4 Bxc5 12.Nc3 Qe7 13.Bd3 Bxe3+ 14.Qxe3 
Nf6 15.Rhg1 e5 16.h3 Bd7 17.g4 Bc6 18.g5 Nd7 19.Bf5 Nb6 20.Rd4 g6 21.Bd3 
Qc5 22.Re4 Qxe3+ 23.Rxe3 f6 24.h4 Rae8 25.Ne4 Nd7 26.Nd6 Re7 27.gxf6 Nxf6 
28.Bc4+ Bd5 29.Be2 Nd7 30.h5 Kg7 31.hxg6 hxg6 32.Bd3 Rf6 33.Nf5+ Rxf5 34.
Bxf5 Nf8 35.f4 e4 36.Bxg6 Nxg6 37.f5 Bf7 38.Reg3 e3 39.fxg6 1-0

[Event "20th EUR-ch"]
[Site "Skopje MKD"]
[Date "2019.03.29"]
[Round "11"]
[White "Gueci, Tea"]
[Black "Tomazini, Zan"]
[Result "0-1"]
[WhiteElo "2252"]
[BlackElo "2431"]
[EventDate "2019.03.18"]
[Board "123"]
[PlyCount "66"]

1.e4 e5 2.Nf3 Nc6 3.Bb5 g6 4.c3 Bg7 5.d4 exd4 6.cxd4 a6 7.Ba4 b5 8.Bc2 d6 
9.h3 Nf6 10.Nc3 O-O 11.O-O Bb7 12.a4 b4 13.Ne2 Na5 14.Ng3 c5 15.b3 Rc8 16.
Rb1 d5 17.e5 Ne4 18.Nxe4 dxe4 19.Ng5 cxd4 20.Bxe4 Bxe5 21.Bd2 Bg7 22.f4 
Bxe4 23.Nxe4 d3 24.Qf3 Re8 25.Nf2 Rc2 26.Bxb4 Nc6 27.Nxd3 Nxb4 28.Nxb4 
Qb6+ 29.Kh1 Qxb4 30.f5 Qe4 31.fxg6 fxg6 32.Qxe4 Rxe4 33.Rfe1 Rb2 0-1

[Event "20th EUR-ch"]
[Site "Skopje MKD"]
[Date "2019.03.29"]
[Round "11"]
[White "Martic, Zlatko"]
[Black "Parvanian, Ashot"]
[Result "1-0"]
[WhiteElo "2261"]
[BlackElo "2426"]
[EventDate "2019.03.18"]
[Board "124"]
[PlyCount "79"]

1.d4 Nf6 2.Bf4 g6 3.Nc3 d5 4.e3 Bg7 5.h4 h5 6.Nf3 O-O 7.Qd2 a6 8.Ne5 Bf5 
9.O-O-O Nbd7 10.f3 Rc8 11.g4 Be6 12.e4 hxg4 13.h5 Nxe5 14.dxe5 Nxh5 15.
exd5 Bf5 16.fxg4 Bxg4 17.Be2 Qd7 18.e6 Bxc3 19.bxc3 Qa4 20.Bxg4 Nxf4 21.
Qh2 Kg7 22.Qh6+ Kf6 23.Rhf1 Ke5 24.Rde1+ Kd6 25.Rxf4 Qa3+ 26.Kd2 Rh8 27.
Qg5 f6 28.Qxg6 Rcg8 29.Qe4 Rg5 30.Rf5 Rxf5 31.Qxf5 Rh2+ 32.Be2 Qa4 33.Rb1 
Qc4 34.Qd3 Qxd3+ 35.cxd3 Kxd5 36.Rxb7 Kc6 37.Ra7 f5 38.Rxa6+ Kd5 39.Ke3 
Ke5 40.d4+ 1-0

[Event "20th EUR-ch"]
[Site "Skopje MKD"]
[Date "2019.03.29"]
[Round "11"]
[White "Hnydiuk, Aleksander"]
[Black "Maltsevskaya, Aleksandra"]
[Result "1/2-1/2"]
[WhiteElo "2417"]
[BlackElo "2252"]
[EventDate "2019.03.18"]
[Board "125"]
[PlyCount "37"]

1.Nf3 Nf6 2.c4 g6 3.d4 Bg7 4.g3 O-O 5.Bg2 d6 6.Nc3 Nbd7 7.O-O e5 8.e4 exd4
9.Nxd4 Nc5 10.h3 Re8 11.Re1 Bd7 12.Kh2 Rb8 13.Rb1 a6 14.b4 Ne6 15.Be3 c5 
16.bxc5 Nxc5 17.Bf4 Nh5 18.Be3 Nf6 19.Bf4 1/2-1/2

[Event "20th EUR-ch"]
[Site "Skopje MKD"]
[Date "2019.03.29"]
[Round "11"]
[White "Emanuel, Yahav"]
[Black "Ioannidis, Evgenios"]
[Result "0-1"]
[WhiteElo "2245"]
[BlackElo "2412"]
[EventDate "2019.03.18"]
[Board "126"]
[PlyCount "54"]

1.e4 c5 2.Nf3 d6 3.d4 cxd4 4.Nxd4 Nf6 5.Nc3 a6 6.Be2 e6 7.O-O Nbd7 8.f4 b5
9.Bf3 Bb7 10.Kh1 b4 11.e5 Bxf3 12.Qxf3 dxe5 13.Nc6 Qc8 14.fxe5 Nxe5 15.
Nxe5 bxc3 16.Ng4 Be7 17.Bh6 cxb2 18.Rab1 O-O 19.Rxb2 Nd5 20.Bd2 Qc4 21.
Rfb1 Rac8 22.h3 Bd6 23.Ne3 Nxe3 24.Qxe3 Rfd8 25.Qf3 Be5 26.Rb7 Rxd2 27.
R1b4 Qxc2 0-1

[Event "20th EUR-ch"]
[Site "Skopje MKD"]
[Date "2019.03.29"]
[Round "11"]
[White "Sukovic, Andrej"]
[Black "Fernandes, Antonio"]
[Result "0-1"]
[WhiteElo "2235"]
[BlackElo "2405"]
[EventDate "2019.03.18"]
[Board "127"]
[PlyCount "36"]

1.e4 d6 2.d4 Nf6 3.Nc3 c6 4.f4 Qa5 5.Bd2 e5 6.Nd5 Qd8 7.Nxf6+ Qxf6 8.dxe5 
dxe5 9.f5 Qh4+ 10.g3 Qxe4+ 11.Qe2 Qxf5 12.Nf3 Nd7 13.Bc3 f6 14.O-O-O Be7 
15.Qc4 Nc5 16.Be2 Be6 17.Nh4 Bxc4 18.Nxf5 Bxe2 0-1

[Event "20th EUR-ch"]
[Site "Skopje MKD"]
[Date "2019.03.29"]
[Round "11"]
[White "Drnovsek, Gal"]
[Black "Heinemann, Josefine"]
[Result "0-1"]
[WhiteElo "2402"]
[BlackElo "2238"]
[EventDate "2019.03.18"]
[Board "128"]
[PlyCount "70"]

1.d4 Nf6 2.c4 g6 3.Nc3 d5 4.cxd5 Nxd5 5.Bd2 Nb6 6.Bg5 Bg7 7.e3 c5 8.dxc5 
Bxc3+ 9.bxc3 Qxd1+ 10.Rxd1 N6d7 11.Bb5 Nc6 12.Nf3 f6 13.Bh4 Nxc5 14.Nd4 
Bd7 15.f3 Rc8 16.e4 Nxd4 17.Bxd7+ Nxd7 18.cxd4 Rc2 19.O-O Kf7 20.Rf2 Rhc8 
21.Rfd2 b5 22.Kf1 b4 23.Ke2 a5 24.Rb1 R8c3 25.Rb2 Rc1 26.Rd1 Nb6 27.Rxc1 
Rxc1 28.Kd2 Ra1 29.Rc2 Na4 30.Bg3 Nc3 31.Bc7 a4 32.Ba5 Nxa2 33.Kd3 b3 34.
Rb2 Nc1+ 35.Kc4 a3 0-1

[Event "20th EUR-ch"]
[Site "Skopje MKD"]
[Date "2019.03.29"]
[Round "11"]
[White "Tifferet, Shaked"]
[Black "Lewtak, Damian"]
[Result "1-0"]
[WhiteElo "2219"]
[BlackElo "2379"]
[EventDate "2019.03.18"]
[Board "129"]
[PlyCount "49"]

1.e4 e6 2.d4 d5 3.Nc3 dxe4 4.Nxe4 Bd7 5.Nf3 Bc6 6.Bd3 Nd7 7.Bg5 Ngf6 8.Qe2
Be7 9.Nxf6+ Bxf6 10.Bxf6 Qxf6 11.Be4 Bxe4 12.Qxe4 c6 13.O-O-O O-O 14.h4 
Rfd8 15.g4 Qg6 16.Qe3 Qxg4 17.Rdg1 Qf5 18.Qh6 g6 19.h5 Nf8 20.hxg6 fxg6 
21.Ne5 Qf6 22.Rg4 Qg7 23.Qe3 Nd7 24.Nxg6 Qf6 25.Qh6 1-0

[Event "20th EUR-ch"]
[Site "Skopje MKD"]
[Date "2019.03.29"]
[Round "11"]
[White "Ayats Llobera, Gerard"]
[Black "Di Benedetto, Desiree"]
[Result "1-0"]
[WhiteElo "2377"]
[BlackElo "2236"]
[EventDate "2019.03.18"]
[Board "130"]
[PlyCount "87"]

1.Nf3 Nf6 2.b3 g6 3.Bb2 Bg7 4.e3 O-O 5.d4 d5 6.Bd3 c5 7.dxc5 Qa5+ 8.Nbd2 
Nbd7 9.a3 Nxc5 10.b4 Nxd3+ 11.cxd3 Qb5 12.Nb3 Bg4 13.Qd2 Bxf3 14.gxf3 d4 
15.Nxd4 Qd5 16.Rc1 Rac8 17.Ke2 e5 18.Nc2 Rfd8 19.e4 Qe6 20.Ne3 Bh6 21.Rxc8
Rxc8 22.Rc1 Rd8 23.Qc3 Nh5 24.Qxe5 Nf4+ 25.Kf1 Qxe5 26.Bxe5 Nxd3 27.Rd1 
Bxe3 28.fxe3 Re8 29.Bf6 Ne5 30.Ke2 h5 31.a4 Nc6 32.b5 Na5 33.Rc1 a6 34.Rc7
axb5 35.axb5 Ra8 36.b6 h4 37.Bxh4 Nb3 38.Rxb7 Ra2+ 39.Kd1 Rd2+ 40.Ke1 Rxh2
41.Bf6 Kh7 42.Rb8 Rh1+ 43.Ke2 Rh2+ 44.Kd3 1-0

[Event "20th EUR-ch"]
[Site "Skopje MKD"]
[Date "2019.03.29"]
[Round "11"]
[White "Tadic, Stefan"]
[Black "Manea, Alexandru"]
[Result "1/2-1/2"]
[WhiteElo "2223"]
[BlackElo "2357"]
[EventDate "2019.03.18"]
[Board "131"]
[PlyCount "54"]

1.e4 c5 2.Nf3 e6 3.d4 cxd4 4.Nxd4 Nc6 5.Nc3 Qc7 6.Be2 Nf6 7.O-O Be7 8.Be3 
O-O 9.f4 d6 10.Kh1 Nxd4 11.Bxd4 e5 12.Be3 b6 13.Qd3 Bb7 14.Nd5 Nxd5 15.
exd5 f5 16.c4 Bc8 17.b4 e4 18.Qb3 Kh8 19.Rab1 Bd7 20.Rfc1 Rab8 21.Rc2 h6 
22.Rbc1 Kh7 23.g3 Bf6 24.Qa3 Be7 25.c5 b5 26.cxd6 Qxd6 27.Bc5 Qf6 1/2-1/2